Methods for youth ministry: (Record no. 12482)

000 -LEADER
fixed length control field 00808nam a2200193 a 4500
001 - CONTROL NUMBER
control field :::00010284$&:&@@
003 - CONTROL NUMBER IDENTIFIER
control field OkBaRHE
005 - DATE AND TIME OF LATEST TRANSACTION
control field 20000607103357.0
008 - FIXED-LENGTH DATA ELEMENTS--GENERAL INFORMATION
fixed length control field s1986 j 000 0 eng u
040 ## - CATALOGING SOURCE
Transcribing agency
100 1# - MAIN ENTRY--PERSONAL NAME
Personal name Roadcup, David,
245 10 - TITLE STATEMENT
Title Methods for youth ministry:
Remainder of title leadership development, camp, VBS, Bible study, small groups, discipline, fine arts, film, mission trips, recreation, retreats.
260 ## - PUBLICATION, DISTRIBUTION, ETC. (IMPRINT)
Place of publication, distribution, etc Cincinnati, OH., :
Name of publisher, distributor, etc Standard Publishing
Date of publication, distribution, etc c1986
300 ## - PHYSICAL DESCRIPTION
Extent 271 p. ;
Dimensions 21 cm.
650 ## - SUBJECT ADDED ENTRY--TOPICAL TERM
Topical term or geographic name as entry element Church Work with Youth
General subdivision Addressses, Essays, Lectures
942 ## - ADDED ENTRY ELEMENTS (KOHA)
Source of classification or shelving scheme
Koha item type Books
Copies
Copy number Date acquired Shelving location Barcode Permanent Location Price effective from Withdrawn status Koha item type Not for loan Lost status Date last seen Damaged status Full call number Source of classification or shelving scheme
12010-04-14General Stacks10284RHEMA Bible Training College2010-04-14 Books  2010-04-14 BV 4447 .M48 
22010-04-14General Stacks15245RHEMA Bible Training College2010-04-14 Books  2010-04-14 BV 4447 .M48